opac header image

Cellular and molecular responses associated with gastric cancer (Record no. 32975)

MARC details
000 -LEADER
fixed length control field 00594nam a2200205 4500
003 - CONTROL NUMBER IDENTIFIER
control field OSt
005 - DATE AND TIME OF LATEST TRANSACTION
control field 20251125115618.0
008 - FIXED-LENGTH DATA ELEMENTS--GENERAL INFORMATION
fixed length control field 220412b ||||| |||| 00| 0 hin d
040 ## - CATALOGING SOURCE
Original cataloging agency NISER LIBRARY
Transcribing agency NISER LIBRARY
041 ## - LANGUAGE CODE
Language code of text/sound track or separate title English
082 ## - DEWEY DECIMAL CLASSIFICATION NUMBER
Classification number 616.34-006
Item number PAD-C
100 ## - MAIN ENTRY--PERSONAL NAME
Personal name Padhan, Pratyush Kumar
245 ## - TITLE STATEMENT
Title Cellular and molecular responses associated with gastric cancer
260 ## - PUBLICATION, DISTRIBUTION, ETC. (IMPRINT)
Place of publication, distribution, etc. Bhubaneswar:
Name of publisher, distributor, etc. NISER,
Date of publication, distribution, etc. 2021.
300 ## - PHYSICAL DESCRIPTION
Extent 32p.
Dimensions 29cm.
650 ## - SUBJECT ADDED ENTRY--TOPICAL TERM
Topical term or geographic name as entry element GASTRIC CANCER
650 ## - SUBJECT ADDED ENTRY--TOPICAL TERM
Topical term or geographic name as entry element CELLULAR AND MOLECULAR RESPONSE
700 ## - ADDED ENTRY--PERSONAL NAME
Personal name Bhattacharya, Asima
Relator term Guide
942 ## - ADDED ENTRY ELEMENTS (KOHA)
Koha item type Dissertation (MSc)
Source of classification or shelving scheme Universal Decimal Classification
Holdings
Withdrawn status Lost status Source of classification or shelving scheme Damaged status Not for loan Home library Current library Date acquired Total Checkouts Full call number Barcode Date last seen Price effective from Koha item type
    Universal Decimal Classification     NISER LIBRARY NISER LIBRARY 10/04/2022   616.34-006 PAD-C T195 12/04/2022 12/04/2022 Dissertation (MSc)